| 000 | 00540nam a2200193Ia 4500 | ||
|---|---|---|---|
| 003 | OSt | ||
| 005 | 20260203112122.0 | ||
| 008 | 210210b1949 xxu||||| |||| 00| 0 eng d | ||
| 040 | _cAL | ||
| 041 | _aKannada | ||
| 082 | _a852/606 | ||
| 100 |
_aSVAMI VIVEKANANDA _9147629 _dಸ್ವಾಮಿ ವಿವೇಕಾನಂದ |
||
| 245 |
_aNanna gurudeva _bನನ್ನ ಗುರುದೇವ |
||
| 260 |
_aMaisuru _b- _c1949 |
||
| 650 |
_aSwami vivekananda _9147632 |
||
| 690 |
_aKannada Prose _9147630 |
||
| 906 | _a019172 | ||
| 942 |
_2ddc _cBK |
||
| 999 |
_c143288 _d143288 |
||